| 000 | 00808nam a2200265 i 4500 | ||
|---|---|---|---|
| 003 | DO-SdBNP | ||
| 005 | 20250708100748.0 | ||
| 007 | ta | ||
| 008 | 250623b2025 dr ||||| |||| 00| f spa d | ||
| 020 | _a9789945940565 | ||
| 040 |
_aDO-SdBNP _bspa _cBNPHU _erda |
||
| 041 | _aspa | ||
| 082 | 4 |
_axxx _bG633 _222 |
|
| 100 |
_aGómez Borbón, Pablo _d1967- _eautor _4aut. _979632 |
||
| 245 | 1 | 0 |
_aYo, Balaguer / _cPablo Gómez Borbón |
| 264 | 4 |
_aSanto Domingo : _bEditora Búho, _c©2025. |
|
| 300 |
_a724 páginas ; _c23 cm. |
||
| 336 |
_atexto _btxt _2rdacontent |
||
| 337 |
_asin mediación _bn _2rdamedia |
||
| 338 |
_avolumen _bnc _2rdacarrier |
||
| 500 | _aIncluye datos biografícos del autor en la solapa de la cubierta. | ||
| 590 | _aInventariado, 2025/ YL | ||
| 910 | _aYLockward | ||
| 942 |
_2ddc _cLBS1 |
||
| 999 |
_c58686 _d58686 |
||